000 00446nam a22001817a 4500
003 NUST - PNEC
005 20170116181008.0
008 150912b xxu||||| |||| 00| 0 eng d
020 _a0672307189
040 _cLIBRARY
082 _a621.38195 SMI
100 _99953
_aSmith, Richard J.
245 _aNavigating the internet
_cRichard J. Smith
250 _a3rd ed.
260 _cc.1995
650 _99951
_aInternet
_xMIS
942 _2ddc
_cBK
999 _c66968
_d66968